000 00371nam a22001337a 4500
999 _c7678
_d7678
008 190225b ||||| |||| 00| 0 eng d
020 _a9788132113904
082 _a306.09 V83c 2013 v.9
245 _aCulture and Society
260 _aNew Delhi ;
_bSage Publication India Pvt Ltd,
_c2014.
300 _axxxiii, 377 p.
_c22 cm.
700 _aSusan, Visvanathan
942 _2ddc